Statistics for Antonyms A to Z

Click here to take the quiz!

General Stats

  • This quiz has been taken 165 times
    (142 since last reset)
  • The average score is 19 of 25

Answer Stats

LetterWordAntonym% Correct
BSisterBrother
100%
NFarNear
97%
OInnerOutter
96%
QAnswerQuestion
96%
ABelowAbove
93%
FSucceedFail
92%
CThrowCatch
91%
RCookedRaw
91%
EHardEasy
90%
MLeastMost
90%
LCryLaugh
88%
DSafeDangerous
86%
PWholePart
83%
KMeanKind
82%
JGriefJoy
75%
VHeroVillain
75%
WYellWhisper
75%
ZStraightZigzag
74%
UOrdinaryUnique
65%
IBusyIdle
53%
SOftenSeldom
53%
TEarlyTardy
50%
YSeniorYouth
50%
HDiscordHarmony
40%
GClumsyGraceful
30%

Score Distribution

Percentile by Number Answered

Percent of People with Each Score

Your Score History

You have not taken this quiz since the last reset